<?xml version="1.0" encoding="UTF-8"?>
<marc:record xmlns:marc="http://www.loc.gov/MARC21/slim">
   <marc:leader>00000nam a2200000 a 4500</marc:leader>
   <marc:datafield ind1=" " ind2=" " tag="653">
      <marc:subfield code="a">Weihnachten</marc:subfield>
   </marc:datafield>
   <marc:datafield ind1="0" ind2="0" tag="245">
      <marc:subfield code="a">Kerzen, Killer, Krippenspiel</marc:subfield>
   </marc:datafield>
   <marc:datafield ind1="0" ind2="0" tag="245">
      <marc:subfield code="b">24 Weihnachtskrimis vom Nordseestrand zum Alpenrand</marc:subfield>
   </marc:datafield>
   <marc:datafield ind1="0" ind2="0" tag="245">
      <marc:subfield code="c">Laura Lichtenwalter (Hrsg.)</marc:subfield>
   </marc:datafield>
   <marc:datafield ind1=" " ind2="1" tag="264">
      <marc:subfield code="a">München</marc:subfield>
      <marc:subfield code="b">Knaur</marc:subfield>
      <marc:subfield code="c">2017</marc:subfield>
   </marc:datafield>
   <marc:datafield ind1=" " ind2=" " tag="250">
      <marc:subfield code="a">Originalausgabe</marc:subfield>
   </marc:datafield>
   <marc:datafield ind1="1" ind2=" " tag="520">
      <marc:subfield code="a">VERLAGSTEXT: ¿Kerzen, Killer, Krippenspiel¿ ¿ die Fortsetzung des beliebten mörderischen Adventskalenders mit 24 Kurz-Krimis rund um Weihnachten nach den Spiegel-Bestsellern ¿Türchen, Tod und Tannenbaum¿ und ¿Plätzchen, Punsch und Psychokiller¿! Eine Krimi-Weihnachts-Anthologie der tödlichen Art! Es ist ein Mörder entsprungen¿ Zum diesjährigen Weihnachts-Fest ist sich in den deutschen Landen zur Abwechslung jeder einmal selbst der Nächste. Wo sonst alle Jahre wieder Ruhe und Besinnlichkeit einkehren, werden in diesem Advent Rache und Vergeltung geübt, bis das Blut nur so spritzt. Mord und Totschlag statt Glanz und Gloria! Mörderische Unterhaltung in 24 bisher unveröffentlichten, regionalen, weihnachtlichen Kurz-Krimis garantieren: Wolfgang Burger, Daniel Holbe, Iny Lorentz, Elisabeth Kabatek, Su Turhan, Veit Etzold, Eva Rossmann, Jürgen Seibold, Frank Kodiak, Christiane Fux, Catalina Ferrera, Gisa Pauly, Volker Klüpfel &amp; Michael Kobr, Harald Gilbers, Thomas Kastura, Regine Kölpin, Andreas Gößling, Mechtild Borrmann, Max Bronski, Rudolf Jagusch, Katja Bohnet, Judith Merchant, Christiane Franke und Tom Zai. Have yourself a bloody little Christmas¿</marc:subfield>
   </marc:datafield>
   <marc:datafield ind1=" " ind2=" " tag="020">
      <marc:subfield code="a">9783426521632</marc:subfield>
      <marc:subfield code="9">9783426521632</marc:subfield>
   </marc:datafield>
   <marc:datafield ind1=" " ind2=" " tag="041">
      <marc:subfield code="a">ger</marc:subfield>
   </marc:datafield>
   <marc:datafield ind1="1" ind2=" " tag="521">
      <marc:subfield code="a">0</marc:subfield>
   </marc:datafield>
   <marc:datafield ind1=" " ind2=" " tag="300">
      <marc:subfield code="a">475 Seiten : Karte</marc:subfield>
   </marc:datafield>
</marc:record>
